[Event "GER-chT U20"]
[Site "Osnabrueck"]
[Date "2010.12.28"]
[Round "3.6"]
[White "Wolff, Fabian"]
[Black "Nemeth Csoka, Mihaly"]
[Result "1-0"]
[WhiteElo "2021"]
[BlackElo "1746"]
[PlyCount "73"]
[EventDate "2010.12.27"]
[EventType "team-swiss"]
[EventRounds "7"]
[EventCountry "GER"]
[SourceTitle "CBM 140 Extra"]
[Source "ChessBase"]
[SourceDate "2011.03.01"]
[SourceVersion "1"]
[SourceVersionDate "2011.03.01"]
[SourceQuality "1"]
[WhiteTeam "Salzgitter"]
[BlackTeam "Grossenseebach"]
[WhiteTeamCountry "GER"]
[BlackTeamCountry "GER"]

1. d4 Nf6 2. Nd2 d6 3. e4 e5 4. c3 Nc6 5. Ngf3 Bg4 6. Bb5 Nd7 7. Bxc6 bxc6 8. Qa4 Nb6 9. Qc2 exd4 10. cxd4 Qd7 11. b3 Be7 12. Bb2 0-0 13. 0-0 Qe8 14. Rac1 Bd7 15. Rfd1 f6 16. Nc4 Qh5 17. Qc3 Nxc4 18. Qxc4+ Kh8 19. d5 c5 20. Nd2 Qh4 21. g3 Qg5 22. f4 Qh5 23. Rf1 Rab8 24. Rf2 Bb5 25. Qc3 Rf7 26. Nc4 Rbf8 27. Rcf1 Kg8 28. a4 Bd7 29. Ne3 Bh3 30. Re1 g6 31. Ng2 Qh6 32. f5 g5 33. Qf3 g4 34. Qf4 Qg7 35. Ne3 Rb8 36. Nc4 Qf8 37. Qe3 1-0

[Event "Niedersachsen-ch U18"]
[Site "Rotenburg"]
[Date "2009.04.10"]
[Round "9"]
[White "Wolff, Fabian"]
[Black "Eilert, Marius"]
[Result "1-0"]
[WhiteElo "1951"]
[BlackElo "1834"]
[PlyCount "61"]
[EventDate "2009.04.04"]
[EventType "swiss"]
[EventRounds "9"]
[EventCountry "GER"]
[SourceTitle "EXT 2010"]
[Source "ChessBase"]
[SourceDate "2010.11.25"]
[SourceVersion "1"]
[SourceVersionDate "2010.11.25"]
[SourceQuality "1"]

1. d4 d5 2. Nf3 Nf6 3. e3 e6 4. Bd3 c5 5. c3 Nc6 6. 0-0 Bd6 7. Nbd2 0-0 8. Qe2 Qc7 9. dxc5 Bxc5 10. e4 Bb6 11. e5 Ng4 12. Bxh7+ Kxh7 13. Ng5+ Kg8 14. Qxg4 Qxe5 15. Ndf3 Qf6 16. Qh4 Qh6 17. Qg3 Qh5 18. Re1 Re8 19. Nh3 Bd7 20. Bg5 Bd8 21. Bxd8 Raxd8 22. Ne5 Ne7 23. Ng4 Kf8 24. Nf4 Qh7 25. Ne5 Nf5 26. Qf3 Bc6 27. Rad1 Rd6 28. c4 dxc4 29. Qa3 Bd5 30. Nxd5 exd5 31. Nd7+ 1-0

[Event "Niedersachsen-ch U18"]
[Site "Rotenburg"]
[Date "2009.04.09"]
[Round "8"]
[White "Gersch, Andre"]
[Black "Wolff, Fabian"]
[Result "1-0"]
[WhiteElo "1838"]
[BlackElo "1951"]
[PlyCount "29"]
[EventDate "2009.04.04"]
[EventType "swiss"]
[EventRounds "9"]
[EventCountry "GER"]
[SourceTitle "EXT 2010"]
[Source "ChessBase"]
[SourceDate "2010.11.25"]
[SourceVersion "1"]
[SourceVersionDate "2010.11.25"]
[SourceQuality "1"]

1. e4 e5 2. Bc4 d6 3. Nc3 Nf6 4. d3 Be7 5. f4 0-0 6. Nf3 Nbd7 7. 0-0 c6 8. Qe1 exf4 9. Bxf4 Qb6+ 10. Be3 Qxb2 11. a3 Nd5 12. exd5 Bf6 13. Bd4 Bxd4+ 14. Nxd4 Qb6 15. Qf2 1-0

[Event "Niedersachsen-ch U18"]
[Site "Rotenburg"]
[Date "2009.04.06"]
[Round "4"]
[White "Wolff, Fabian"]
[Black "Woellermann, Jan"]
[Result "1/2-1/2"]
[WhiteElo "1951"]
[BlackElo "2107"]
[PlyCount "84"]
[EventDate "2009.04.04"]
[EventType "swiss"]
[EventRounds "9"]
[EventCountry "GER"]
[SourceTitle "EXT 2010"]
[Source "ChessBase"]
[SourceDate "2010.11.25"]
[SourceVersion "1"]
[SourceVersionDate "2010.11.25"]
[SourceQuality "1"]

1. d4 Nf6 2. c4 e6 3. Nc3 Bb4 4. a3 Bxc3+ 5. bxc3 c5 6. Qc2 Nc6 7. Nf3 d6 8. e4 e5 9. Bb2 0-0 10. h3 b6 11. Bd3 Qe8 12. 0-0 Na5 13. Nd2 Nh5 14. Nb3 Nxb3 15. Qxb3 Nf4 16. Qc2 Qe6 17. Bc1 g5 18. Bxf4 gxf4 19. d5 Qh6 20. f3 Kh8 21. Kf2 Rg8 22. Ke1 Bd7 23. Rf2 Qh4 24. Kd1 Qd8 25. a4 Rb8 26. Qe2 Rb7 27. Qf1 Qb8 28. Rb2 Rg3 29. Kc2 Qg8 30. Kb3 Qg5 31. Qe2 Rb8 32. Ka3 Rg8 33. Raa2 f5 34. Qc2 fxe4 35. Bxe4 Qe7 36. Qd1 Be8 37. Qb1 Qd7 38. Qd1 Bg6 39. Qd3 Bxe4 40. Qxe4 R3g7 41. Re2 Rg5 42. Qb1 Rb8 1/2-1/2

[Event "Niedersachsen-ch op"]
[Site "Verden"]
[Date "2009.01.06"]
[Round "7"]
[White "Wolff, Fabian"]
[Black "Pfeifer, Frank"]
[Result "1-0"]
[WhiteElo "1944"]
[BlackElo "1752"]
[PlyCount "51"]
[EventDate "2009.01.03"]
[EventType "swiss"]
[EventRounds "7"]
[EventCountry "GER"]
[SourceTitle "EXT 2012"]
[Source "ChessBase"]
[SourceDate "2011.11.24"]
[SourceVersion "1"]
[SourceVersionDate "2011.11.24"]
[SourceQuality "1"]

1. d4 Nf6 2. Nf3 g6 3. e3 d6 4. Bd3 Bg7 5. 0-0 0-0 6. Nbd2 a6 7. Re1 Nbd7 8. e4 e5 9. c3 b6 10. b3 exd4 11. Nxd4 Ne5 12. Qc2 Nfg4 13. Bb2 Nxd3 14. Qxd3 Ne5 15. Qg3 c5 16. Nc2 f5 17. f4 Ng4 18. Rad1 Bf6 19. Qd3 fxe4 20. Qd5+ Kh8 21. Qxa8 Bd4+ 22. cxd4 Qh4 23. Nf1 Qf2+ 24. Kh1 Qxc2 25. Rd2 Qd3 26. dxc5+ 1-0

[Event "Niedersachsen-ch op"]
[Site "Verden"]
[Date "2009.01.05"]
[Round "5"]
[White "Wolff, Fabian"]
[Black "Kleinschmidt, Annika"]
[Result "1-0"]
[WhiteElo "1944"]
[BlackElo "1553"]
[PlyCount "55"]
[EventDate "2009.01.03"]
[EventType "swiss"]
[EventRounds "7"]
[EventCountry "GER"]
[SourceTitle "EXT 2012"]
[Source "ChessBase"]
[SourceDate "2011.11.24"]
[SourceVersion "1"]
[SourceVersionDate "2011.11.24"]
[SourceQuality "1"]

1. d4 d5 2. Nf3 Nf6 3. e3 e6 4. Bd3 c5 5. c3 Bd6 6. 0-0 0-0 7. Nbd2 Nc6 8. Re1 Bd7 9. e4 dxe4 10. Nxe4 Nxe4 11. Rxe4 cxd4 12. Nxd4 Nxd4 13. Rxd4 Bc5 14. Rxd7 Qb6 15. Qe2 Qc6 16. Bb5 Qb6 17. a4 a6 18. Bc4 Qc6 19. Rd1 Bxf2+ 20. Kxf2 Rfe8 21. b3 Kh8 22. Qf3 Qc7 23. Bf4 e5 24. Be3 e4 25. Qf4 Qc6 26. Rd6 Qc8 27. Rad1 f5 28. Rd7 1-0

[Event "Niedersachsen-ch op"]
[Site "Verden"]
[Date "2009.01.03"]
[Round "1"]
[White "Wolff, Fabian"]
[Black "Kohlscheen, Jens"]
[Result "0-1"]
[WhiteElo "1944"]
[BlackElo "1711"]
[PlyCount "72"]
[EventDate "2009.01.03"]
[EventType "swiss"]
[EventRounds "7"]
[EventCountry "GER"]
[SourceTitle "EXT 2012"]
[Source "ChessBase"]
[SourceDate "2011.11.24"]
[SourceVersion "1"]
[SourceVersionDate "2011.11.24"]
[SourceQuality "1"]

1. d4 d5 2. Nf3 Nf6 3. e3 Bf5 4. c4 e6 5. Nc3 Be7 6. Qb3 b6 7. cxd5 exd5 8. Ne5 0-0 9. Bb5 Qd6 10. 0-0 c6 11. Bd3 Bxd3 12. Nxd3 Nbd7 13. f4 Ne4 14. Nxe4 dxe4 15. Ne5 Rad8 16. Qa4 Nxe5 17. fxe5 Qd7 18. Rf4 f5 19. exf6 Rxf6 20. Rxe4 Rdf8 21. Qc4+ Kh8 22. Qe2 Bd6 23. g4 Qf7 24. Rf4 Bxf4 25. exf4 Re8 26. Qc2 Qd5 27. Qd1 Rfe6 28. Kf2 Re4 29. b3 Rxd4 30. Qf3 Qd6 31. Be3 Rde4 32. Rd1 Qe7 33. Rd3 c5 34. f5 Qe5 35. h3 Kg8 36. Bg5 Qh2+ 0-1

[Event "Niedersachsen-ch U18"]
[Site "Rotenburg"]
[Date "2008.03.18"]
[Round "5"]
[White "Wolff, Fabian"]
[Black "Helmer, Christoph"]
[Result "1/2-1/2"]
[WhiteElo "1954"]
[BlackElo "1861"]
[PlyCount "30"]
[EventDate "2008.03.15"]
[EventType "swiss"]
[EventRounds "9"]
[EventCountry "GER"]
[SourceTitle "EXT 2009"]
[Source "ChessBase"]
[SourceDate "2008.11.26"]
[SourceVersion "1"]
[SourceVersionDate "2008.11.26"]
[SourceQuality "1"]

1. d4 Nf6 2. Nf3 g6 3. e3 Bg7 4. Bd3 0-0 5. 0-0 d6 6. Nbd2 c5 7. c3 Nc6 8. Qe2 Bd7 9. dxc5 dxc5 10. e4 Qc7 11. Nc4 Bg4 12. Ne3 Bxf3 13. Qxf3 Ne5 14. Qe2 Nxd3 15. Qxd3 Rad8 1/2-1/2

[Event "Niedersachsen-ch U18"]
[Site "Rotenburg"]
[Date "2008.03.17"]
[Round "4"]
[White "Sauer, Norwin"]
[Black "Wolff, Fabian"]
[Result "1/2-1/2"]
[WhiteElo "1995"]
[BlackElo "1954"]
[PlyCount "31"]
[EventDate "2008.03.15"]
[EventType "swiss"]
[EventRounds "9"]
[EventCountry "GER"]
[SourceTitle "EXT 2009"]
[Source "ChessBase"]
[SourceDate "2008.11.26"]
[SourceVersion "1"]
[SourceVersionDate "2008.11.26"]
[SourceQuality "1"]

1. e4 e5 2. Nf3 Nc6 3. Bc4 Bc5 4. d3 Nf6 5. 0-0 d6 6. h3 h6 7. Be3 Bb6 8. c3 0-0 9. Nbd2 Na5 10. Qe2 Bd7 11. b4 Nxc4 12. Nxc4 Qc8 13. Kh2 Be6 14. Nxb6 axb6 15. c4 c5 16. a3 1/2-1/2

[Event "Niedersachsen-ch U16"]
[Site "Rotenburg/Wuemme"]
[Date "2007.03.31"]
[Round "1"]
[White "Wolff, Fabian"]
[Black "Maetzig, Lara Annabelle"]
[Result "1-0"]
[WhiteElo "1950"]
[BlackElo "1448"]
[PlyCount "87"]
[EventDate "2007.03.31"]
[EventType "swiss"]
[EventRounds "9"]
[EventCountry "GER"]
[SourceTitle "EXT 2008"]
[Source "ChessBase"]
[SourceDate "2007.11.25"]
[SourceVersion "1"]
[SourceVersionDate "2007.11.25"]
[SourceQuality "1"]

1. d4 d5 2. Nf3 Bf5 3. c4 e6 4. Nc3 Bb4 5. Qa4+ Nc6 6. Bf4 Nge7 7. a3 Bxc3+ 8. bxc3 0-0 9. e3 Ng6 10. Bg3 Re8 11. cxd5 exd5 12. Bb5 Nge7 13. 0-0 a6 14. Be2 Nc8 15. Ne5 Nxe5 16. Bxe5 Nb6 17. Qb3 Rc8 18. a4 a5 19. Qb5 Ra8 20. c4 dxc4 21. Bxc7 Qxc7 22. Qxf5 Nc8 23. Rfc1 Nd6 24. Qc5 Rac8 25. Bxc4 Nxc4 26. Rxc4 Qxc5 27. dxc5 Rc6 28. Rb1 Rb8 29. Rb6 f6 30. Kf1 Kf8 31. Ke2 Rbc8 32. Rxb7 Rxc5 33. Rxc5 Rxc5 34. Rb5 Rxb5 35. axb5 Ke7 36. Kd3 Kd6 37. Kc4 Kc7 38. Kb3 Kb7 39. Ka4 Kb6 40. g4 g6 41. h4 h6 42. e4 h5 43. gxh5 gxh5 44. f4 1-0

[Event "Bezirk-ch U16"]
[Site "Peine"]
[Date "2006.10.17"]
[Round "7"]
[White "Richter, Stefan1111"]
[Black "Wolff, Fabian"]
[Result "0-1"]
[WhiteElo "1374"]
[BlackElo "1771"]
[PlyCount "40"]
[EventDate "2006.10.14"]
[EventType "swiss"]
[EventRounds "7"]
[EventCountry "GER"]
[SourceTitle "EXT 2008"]
[Source "ChessBase"]
[SourceDate "2007.11.25"]
[SourceVersion "1"]
[SourceVersionDate "2007.11.25"]
[SourceQuality "1"]

1. e4 e5 2. Bc4 d6 3. d3 Nf6 4. Nc3 Be7 5. f4 c6 6. Nf3 Nbd7 7. Bb3 0-0 8. Qe2 a5 9. a4 Qc7 10. 0-0 Nc5 11. fxe5 dxe5 12. Bc4 Ne6 13. Qf2 Bc5 14. d4 Nxd4 15. Kh1 Nb3 16. Qg3 Nxa1 17. Bh6 Ng4 18. Bxg7 Kxg7 19. Rxa1 Kh8 20. h3 Bf2 0-1

[Event "Bezirk-ch U16"]
[Site "Peine"]
[Date "2006.10.14"]
[Round "1"]
[White "Funck, Alexander"]
[Black "Wolff, Fabian"]
[Result "0-1"]
[WhiteElo "1227"]
[BlackElo "1771"]
[PlyCount "70"]
[EventDate "2006.10.14"]
[EventType "swiss"]
[EventRounds "7"]
[EventCountry "GER"]
[SourceTitle "EXT 2008"]
[Source "ChessBase"]
[SourceDate "2007.11.25"]
[SourceVersion "1"]
[SourceVersionDate "2007.11.25"]
[SourceQuality "1"]

1. e4 e5 2. Nc3 d6 3. Bc4 Nf6 4. d3 Be7 5. Nge2 0-0 6. Be3 c6 7. Qd2 d5 8. d4 exd4 9. Nxd4 dxc4 10. 0-0-0 Qa5 11. Nde2 Bb4 12. f3 b5 13. Bd4 Nbd7 14. h4 c5 15. Bxf6 Nxf6 16. e5 Bxc3 17. Qxc3 Qxc3 18. Nxc3 b4 19. Nd5 Nxd5 20. Rxd5 Be6 21. Rxc5 Rfd8 22. Re1 g6 23. g4 Rd4 24. Re4 Rad8 25. Rxd4 Rxd4 26. c3 bxc3 27. bxc3 Rd3 28. Kb2 Rd5 29. Rxd5 Bxd5 30. f4 h5 31. g5 Kf8 32. Kc2 Ke7 33. Kd2 Ke6 34. Ke3 Kf5 35. Kd4 Be6 0-1

[Event "Niedersachsen-ch U16"]
[Site "Rotenburg/Wuemme"]
[Date "2006.04.11"]
[Round "5"]
[White "Samarin, Maxim"]
[Black "Wolff, Fabian"]
[Result "1-0"]
[WhiteElo "1618"]
[BlackElo "1674"]
[PlyCount "73"]
[EventDate "2006.04.08"]
[EventType "swiss"]
[EventRounds "9"]
[EventCountry "GER"]
[SourceTitle "EXT 2007"]
[Source "ChessBase"]
[SourceDate "2006.11.23"]
[SourceVersion "1"]
[SourceVersionDate "2006.11.23"]
[SourceQuality "1"]

1. e4 e5 2. Bc4 d6 3. c3 Nf6 4. d3 Be7 5. Nf3 0-0 6. Nbd2 Bg4 7. h3 Bxf3 8. Nxf3 Nbd7 9. 0-0 c6 10. Re1 b5 11. Bb3 Nc5 12. Bc2 Re8 13. d4 exd4 14. cxd4 Ncd7 15. Bg5 Nh5 16. Bxe7 Qxe7 17. e5 dxe5 18. Bf5 Nf4 19. Qc1 Ne6 20. Qxc6 g6 21. Bxe6 fxe6 22. Qxb5 Rab8 23. Qa5 Nb6 24. b3 Rec8 25. Rac1 Rc7 26. Rc5 Rbc8 27. Rec1 h6 28. Rxc7 Rxc7 29. Rxc7 Qxc7 30. Qc5 Qd7 31. Qd6 Qc8 32. Qc5 Qd7 33. Nh4 Kf7 34. Qc2 g5 35. Qh7+ Ke8 36. Qg8+ Ke7 37. Ng6+ 1-0

[Event "BEM-ch U16"]
[Site "Helmstedt"]
[Date "2005.10.29"]
[Round "5"]
[White "Hulm, Steven"]
[Black "Wolff, Fabian"]
[Result "0-1"]
[WhiteElo "1494"]
[BlackElo "1535"]
[PlyCount "79"]
[EventDate "2005.10.27"]
[EventType "swiss"]
[EventRounds "7"]
[EventCountry "GER"]
[SourceTitle "EXT 2007"]
[Source "ChessBase"]
[SourceDate "2006.11.23"]
[SourceVersion "1"]
[SourceVersionDate "2006.11.23"]
[SourceQuality "1"]

1. e4 e5 2. Nf3 d6 3. c3 Nf6 4. Qc2 Bg4 5. Be2 Nc6 6. 0-0 d5 7. exd5 Qxd5 8. Re1 0-0-0 9. h3 Bh5 10. Qf5+ Kb8 11. Nxe5 Qxe5 12. Qxe5 Nxe5 13. Bxh5 Nd3 14. Rd1 Nxh5 15. c4 Nhf4 16. Kf1 Bc5 17. f3 Rhe8 18. Nc3 Nh5 19. g4 Ng3+ 20. Kg2 Ne2 21. Nxe2 Rxe2+ 22. Kg3 g5 23. f4 Nxf4 24. d4 Rxd4 25. Rxd4 Bxd4 26. Bxf4 gxf4+ 27. Kxf4 Rxb2 28. Rd1 c5 29. Re1 Rxa2 30. Re7 h6 31. Kg3 Ra3+ 32. Kg2 f6 33. Rh7 Be3 34. Re7 a6 35. h4 b5 36. cxb5 axb5 37. Rg7 b4 38. Rg6 Bd4 39. Rxh6 b3 40. Rxf6 0-1

[Event "BEM-ch U16"]
[Site "Helmstedt"]
[Date "2005.10.29"]
[Round "6"]
[White "Wolff, Fabian"]
[Black "Sauer, Norwin"]
[Result "0-1"]
[WhiteElo "1535"]
[BlackElo "1754"]
[PlyCount "132"]
[EventDate "2005.10.27"]
[EventType "swiss"]
[EventRounds "7"]
[EventCountry "GER"]
[SourceTitle "EXT 2007"]
[Source "ChessBase"]
[SourceDate "2006.11.23"]
[SourceVersion "1"]
[SourceVersionDate "2006.11.23"]
[SourceQuality "1"]

1. d4 d5 2. c4 e6 3. Nc3 Nf6 4. Bg5 Be7 5. e3 0-0 6. Nf3 Nbd7 7. Rc1 c6 8. Bd3 dxc4 9. Bxc4 Nd5 10. Bxe7 Qxe7 11. 0-0 Nxc3 12. Rxc3 e5 13. dxe5 Nxe5 14. Nxe5 Qxe5 15. f4 Qe4 16. Qe2 Bf5 17. Bd3 Qd5 18. e4 Qd4+ 19. Kh1 Rfe8 20. e5 Qd7 21. Rd1 Rad8 22. Bc2 Qe6 23. Bxf5 Qxf5 24. Rxd8 Rxd8 25. g3 Qb1+ 26. Kg2 Qxa2 27. f5 Qd5+ 28. Kh3 Qd2 29. Qc4 Qh6+ 30. Kg4 g6 31. fxg6 hxg6 32. Rf3 Qh5+ 33. Kf4 Qf5+ 34. Ke3 Qxe5+ 35. Kf2 Qxb2+ 36. Ke1 Qd2+ 37. Kf1 Qd1+ 38. Kf2 Qd4+ 39. Qxd4 Rxd4 40. Rb3 b6 41. Ke3 Rd7 42. Rc3 c5 43. h4 Kg7 44. Ke4 Kf6 45. g4 Rd4+ 46. Kf3 c4 47. h5 gxh5 48. gxh5 Rd3+ 49. Rxd3 cxd3 50. Ke3 Kg5 51. h6 Kxh6 52. Kxd3 a5 53. Kc4 a4 54. Kb4 b5 55. Kxb5 a3 56. Kb4 a2 57. Kb3 a1Q 58. Kc2 Qd4 59. Kb1 Qd2 60. Ka1 f5 61. Kb1 f4 62. Ka1 f3 63. Kb1 f2 64. Ka1 f1B 65. Kb1 Bc4 66. Ka1 Qa2# 0-1

[Event "BEM-ch U16"]
[Site "Helmstedt"]
[Date "2005.10.28"]
[Round "3"]
[White "Bradler, Stephan"]
[Black "Wolff, Fabian"]
[Result "1/2-1/2"]
[WhiteElo "1757"]
[BlackElo "1535"]
[PlyCount "96"]
[EventDate "2005.10.27"]
[EventType "swiss"]
[EventRounds "7"]
[EventCountry "GER"]
[SourceTitle "EXT 2007"]
[Source "ChessBase"]
[SourceDate "2006.11.23"]
[SourceVersion "1"]
[SourceVersionDate "2006.11.23"]
[SourceQuality "1"]

1. e4 e5 2. Nf3 d6 3. d4 exd4 4. Nxd4 Nf6 5. Nc3 Be7 6. Be3 0-0 7. Be2 Nc6 8. Qd2 d5 9. exd5 Nxd5 10. Nxd5 Qxd5 11. Bf3 Qc4 12. b3 Qa6 13. Nxc6 bxc6 14. Be2 Qa3 15. Qc1 Qa5+ 16. Bd2 Qe5 17. Kf1 Bc5 18. Bf3 Ba6+ 19. c4 Rad8 20. Bc3 Bd4 21. Bxd4 Rxd4 22. g3 Qf6 23. Kg2 Rfd8 24. Re1 Bc8 25. Qe3 g6 26. Rad1 c5 27. Be2 Bb7+ 28. f3 Rxd1 29. Rxd1 Rxd1 30. Bxd1 Qd6 31. Be2 Kg7 32. Kf2 h5 33. h4 Bc6 34. Qc3+ Kg8 35. Qe3 Kg7 36. Qc3+ Kg8 37. Bd3 Bd7 38. Bc2 a6 39. Qe3 Kg7 40. Qc3+ f6 41. Qe3 Be6 42. Bd3 Bf7 43. Qe4 Qd7 44. g4 hxg4 45. fxg4 Qd6 46. Kg2 Qb6 47. h5 gxh5 48. gxh5 Qe6 1/2-1/2

[Event "BEM-ch U16"]
[Site "Helmstedt"]
[Date "2005.10.28"]
[Round "4"]
[White "Wolff, Fabian"]
[Black "Vogel, Christopher"]
[Result "0-1"]
[WhiteElo "1535"]
[BlackElo "1566"]
[PlyCount "120"]
[EventDate "2005.10.27"]
[EventType "swiss"]
[EventRounds "7"]
[EventCountry "GER"]
[SourceTitle "EXT 2007"]
[Source "ChessBase"]
[SourceDate "2006.11.23"]
[SourceVersion "1"]
[SourceVersionDate "2006.11.23"]
[SourceQuality "1"]

1. d4 f5 2. e3 Nf6 3. Nf3 e6 4. Bd3 Be7 5. Nbd2 d5 6. Ne5 c6 7. f4 Nbd7 8. Ndf3 0-0 9. 0-0 Ne4 10. Nxd7 Bxd7 11. Bxe4 fxe4 12. Ne5 c5 13. b3 b5 14. Rf2 c4 15. a3 Bd6 16. b4 a5 17. Bd2 a4 18. g4 Bxe5 19. dxe5 Be8 20. Bc3 h5 21. Rg2 hxg4 22. Qxg4 Ra7 23. Qxe6+ Kh8 24. Rg3 Bf7 25. Qh3+ Kg8 26. Rxg7+ Kxg7 27. e6+ d4 28. Bxd4+ Qxd4 29. exd4 Bg6 30. Qe3 Kh8 31. c3 Bf5 32. d5 Rg7+ 33. Kh1 Rfg8 34. h3 Rg3 35. Qxg3 Rxg3 36. Kh2 Rxh3+ 37. Kg2 Rd3 38. e7 Bd7 39. Re1 Rxd5 40. Rxe4 Be8 41. Re3 Kg7 42. Kf3 Kf6 43. Ke4 Rd7 44. Rh3 Bg6+ 45. f5 Bxf5+ 46. Kf4 Rxe7 47. Rh8 Re4+ 48. Kf3 Re1 49. Rf8+ Ke5 50. Rb8 Bd7 51. Kf2 Rc1 52. Rb7 Kd6 53. Rb6+ Bc6 54. Rb8 Rxc3 55. Ke2 Rxa3 56. Kd2 Rb3 57. Rd8+ Kc7 58. Rf8 Rxb4 59. Rf1 Rb3 60. Re1 Kd6 0-1

[Event "Niedersachsen-ch U14"]
[Site "Rotenburg/Wuemme"]
[Date "2005.03.19"]
[Round "1"]
[White "Wolff, Fabian"]
[Black "Seemann, Semjon"]
[Result "0-1"]
[WhiteElo "1461"]
[BlackElo "1671"]
[PlyCount "86"]
[EventDate "2005.03.19"]
[EventType "swiss"]
[EventRounds "9"]
[EventCountry "GER"]
[SourceTitle "EXT 2007"]
[Source "ChessBase"]
[SourceDate "2006.11.23"]
[SourceVersion "1"]
[SourceVersionDate "2006.11.23"]
[SourceQuality "1"]

1. d4 Nf6 2. c4 d6 3. Nc3 Nbd7 4. e4 e5 5. d5 Be7 6. Be2 Nc5 7. Qc2 a5 8. Be3 0-0 9. Bxc5 dxc5 10. Nf3 Bd6 11. 0-0 Ne8 12. Rfe1 g6 13. h3 Ng7 14. Bd3 Qe7 15. b3 f5 16. Re3 f4 17. Ree1 g5 18. Nh2 h5 19. Be2 Qf6 20. Qd1 Qg6 21. a4 Bd7 22. Rb1 Rf6 23. Rb2 Raf8 24. Bf3 Kf7 25. Nb5 Ke7 26. Ra2 Rh8 27. Be2 Qh6 28. f3 Rg6 29. Kf2 Ne8 30. Rh1 Nf6 31. Nf1 Qg7 32. Ke1 Rg8 33. Nxd6 cxd6 34. Qd2 b6 35. Bd1 g4 36. hxg4 hxg4 37. Qf2 Rg5 38. Rh4 Qg6 39. Rh1 gxf3 40. gxf3 Nxe4 41. fxe4 Qxe4+ 42. Re2 Qxh1 43. Qxf4 Rf5 0-1

[Event "Niedersachsen-ch U14"]
[Site "Borkum"]
[Date "2004.04.09"]
[Round "9"]
[White "Wolff, Fabian"]
[Black "Bornhorst, Lars"]
[Result "1/2-1/2"]
[WhiteElo "1509"]
[BlackElo "1266"]
[PlyCount "89"]
[EventDate "2004.04.??"]
[EventType "swiss"]
[EventRounds "9"]
[EventCountry "GER"]
[SourceTitle "EXT 2005"]
[Source "ChessBase"]
[SourceDate "2004.11.15"]
[SourceVersion "1"]
[SourceVersionDate "2004.11.15"]
[SourceQuality "1"]

1. d4 d5 2. c4 e6 3. Nc3 Nf6 4. Bg5 c6 5. e3 Bb4 6. Nf3 Qa5 7. Bxf6 Bxc3+ 8. bxc3 Qxc3+ 9. Nd2 gxf6 10. Be2 Nd7 11. 0-0 Qa5 12. Nb3 Qc7 13. Qc2 Qd6 14. f4 b6 15. Rf3 Bb7 16. Rh3 f5 17. Rh6 Qe7 18. cxd5 exd5 19. Kf2 Nf6 20. Qxf5 Ne4+ 21. Kf1 Nc3 22. Bh5 Bc8 23. Qd3 Ne4 24. Bf3 Bf5 25. Bxe4 Bxe4 26. Qc3 Rc8 27. Rxc6 Bd3+ 28. Kf2 Qh4+ 29. Kg1 Rxc6 30. Qxc6+ Kf8 31. Qd6+ Qe7 32. Qxd5 Qxe3+ 33. Kh1 Be4 34. Qd8+ Kg7 35. Qg5+ Bg6 36. Qe5+ Qxe5 37. fxe5 Bf5 38. d5 Rd8 39. d6 Be6 40. Nd4 Kg6 41. Rf1 Bxa2 42. Nc6 Rd7 43. e6 Rxd6 44. Ne5+ Kg7 45. exf7 1/2-1/2

[Event "Niedersachsen-ch U14"]
[Site "Borkum"]
[Date "2004.04.08"]
[Round "8"]
[White "Afken, Jonas"]
[Black "Wolff, Fabian"]
[Result "1/2-1/2"]
[WhiteElo "1483"]
[BlackElo "1509"]
[PlyCount "57"]
[EventDate "2004.04.??"]
[EventType "swiss"]
[EventRounds "9"]
[EventCountry "GER"]
[SourceTitle "EXT 2005"]
[Source "ChessBase"]
[SourceDate "2004.11.15"]
[SourceVersion "1"]
[SourceVersionDate "2004.11.15"]
[SourceQuality "1"]

1. Nf3 d5 2. g3 c5 3. Bg2 Nc6 4. 0-0 e5 5. d3 Bf5 6. Nbd2 Nf6 7. Re1 Be7 8. c3 0-0 9. Nh4 Bg6 10. Nxg6 fxg6 11. e4 d4 12. c4 Qd7 13. Rf1 Rf7 14. f4 Raf8 15. Nf3 Bd6 16. fxe5 Nxe5 17. Nxe5 Bxe5 18. Bf4 Ng4 19. Bxe5 Nxe5 20. Qe2 Qc7 21. Rxf7 Rxf7 22. Bh3 Rf3 23. Rd1 Qf7 24. Rf1 Rf6 25. Rxf6 gxf6 26. Kh1 Qc7 27. Qd2 Kg7 28. b4 b6 29. b5 1/2-1/2

[Event "Niedersachsen-ch U14"]
[Site "Borkum"]
[Date "2004.04.07"]
[Round "7"]
[White "Laake, Tamara"]
[Black "Wolff, Fabian"]
[Result "1-0"]
[WhiteElo "1388"]
[BlackElo "1509"]
[PlyCount "49"]
[EventDate "2004.04.??"]
[EventType "swiss"]
[EventRounds "9"]
[EventCountry "GER"]
[SourceTitle "EXT 2005"]
[Source "ChessBase"]
[SourceDate "2004.11.15"]
[SourceVersion "1"]
[SourceVersionDate "2004.11.15"]
[SourceQuality "1"]

1. e4 e5 2. Nf3 Nc6 3. Bb5 d6 4. d4 Bd7 5. d5 Nce7 6. Bxd7+ Qxd7 7. c4 f5 8. Nc3 Nf6 9. Qe2 f4 10. Ng5 Ng6 11. Ne6 c6 12. Bd2 Rg8 13. Rb1 Be7 14. b4 Nf8 15. Nxf8 Kxf8 16. Kd1 cxd5 17. Nxd5 Qa4+ 18. Ke1 Qxa2 19. Qd3 Rc8 20. Nxe7 Kxe7 21. Rc1 Rc7 22. c5 Rd7 23. cxd6+ Rxd6 24. Rc7+ Ke6 25. Qh3+ 1-0